00549nam a2200169Ia 4500008004100000020001800041041000800059082001500067100002000082245004000102250000600142260003900148300001100187650003500198999001900233952012700252210716s2011 xx 000 0 und d a9788131756720 aeng a006.3 CAWA aCawsey, Alison. aEssence of artificial intelligence. a1 aNew DelhibPearson Educationc2011 aix,190 aArtificial Intelligence(006.3) c191920d191920 001040708MCAaAIMITbAIMITeAthulya Booksg260.00l0o006.3 CAWApMCA11428r2026-05-23 00:00:00v195.00w2021-07-16yBK